Catálogo
 En Linea

Food and civilization : (Registro nro. 24285)

Detalles MARC
000 -CABECERA
campo de control de longitud fija 00725nam a2200205 a 4500
001 - NÚMERO DE CONTROL
campo de control 000024792
005 - FECHA Y HORA DE LA ÚLTIMA TRANSACCIÓN
campo de control 20200930023355.0
008 - DATOS DE LONGITUD FIJA--INFORMACIÓN GENERAL
campo de control de longitud fija 110204s1966 xxua r 000 0 spa d
040 ## - FUENTE DE LA CATALOGACIÓN
Centro catalogador/agencia de origen DO-SdBNP
Lengua de catalogación spa
Centro/agencia transcriptor BNBPHU
082 ## - NÚMERO DE LA CLASIFICACIÓN DECIMAL DEWEY
Número de clasificación NNN
Número de documento/Ítem F686
049 ## - FONDOS LOCALES (OCLC)
Fondos de biblioteca BNGR
245 01 - MENCIÓN DE TÍTULO
Título Food and civilization :
Resto del título a symposium /
Mención de responsabilidad, etc. compiled and edited by Seymour M. Farber, Nancy L. Wilson, and Roger H. L. Wilson.
260 ## - PUBLICACIÓN, DISTRIBUCIÓN, ETC.
Lugar de publicación, distribución, etc. Washington : U.S. :
Nombre del editor, distribuidor, etc. Information Agency,
Fecha de publicación, distribución, etc. 1966.
300 ## - DESCRIPCIÓN FÍSICA
Extensión xi, 308, [2] p. :
Otras características físicas illus. ;
Dimensiones 21 cm.
490 1# - MENCIÓN DE SERIE
Mención de serie Voice of America forum lecture
700 1# - PUNTO DE ACCESO ADICIONAL--NOMBRE DE PERSONA
Nombre de persona Farber, M. Farber,
9 (RLIN) 50871
700 1# - PUNTO DE ACCESO ADICIONAL--NOMBRE DE PERSONA
Nombre de persona Wilson, Nancy L.
9 (RLIN) 50872
700 1# - PUNTO DE ACCESO ADICIONAL--NOMBRE DE PERSONA
Nombre de persona Wilson, Roger H. L.
9 (RLIN) 50873
830 #0 - PUNTO DE ACCESO ADICIONAL DE SERIE-TÍTULO UNIFORME
Título uniforme Voice of America forum lecture
9 (RLIN) 50874
Existencias
Estado de retiro Estado de pérdida Restricciones de uso No para préstamo Código de colección Localización permanente Ubicación/localización actual Ubicación en estantería Fecha de adquisición Número de inventario Total de préstamos Signatura topográfica completa Código de barras Fecha visto por última vez Precio válido a partir de Tipo de ítem Koha
        Monografías: Libros y Folletos General General En catalogación 04.02.2011 LF1   NNN F686 24792-10 25.06.2020 25.06.2020 Préstamo en sala

Con tecnología Koha